| 000 | 00505nam a2200157 a 4500 | ||
|---|---|---|---|
| 001 | 000039400 | ||
| 005 | 20201002031630.0 | ||
| 008 | 130626s1998 dr 000 0 spa d | ||
| 040 |
_aDO-SdBNP _bspa _cBNPHU |
||
| 110 | 1 |
_aRepública Dominicana _9447 |
|
| 240 | 1 | 3 | _a[Leyes, etc.] |
| 245 | 0 |
_aLey de policía / _cEdición al cuidado de Máximo Díaz. |
|
| 260 |
_aSanto Domingo : _bCpngreso Nacional de la República Dominicana, _c1998. |
||
| 300 |
_a24 p. ; _c22 cm. |
||
| 700 | 1 |
_aDíaz, Máximo, _eed. _965605 |
|
| 999 |
_c38890 _d38890 |
||